| 000 | 00508nam a2200193Ia 4500 | ||
|---|---|---|---|
| 001 | 10346 | ||
| 003 | IN-NITTTR | ||
| 005 | 20251114233056.0 | ||
| 008 | 251113s9999||||xx |||||||||||||| ||eng|| | ||
| 040 | _beng | ||
| 040 | _cIN-NITTTR | ||
| 041 | _aeng | ||
| 082 | _a621.381043 K134E | ||
| 100 | _aKantrowitz, Philip | ||
| 245 | 0 |
_aElectronic measurements / _cKantrowitz, Philip, Kousourou, Gabriel, Zucker, Lawrence |
|
| 700 | _a Kousourou, Gabriel | ||
| 700 | _a Zucker, Lawrence | ||
| 942 |
_2ddc _cBK |
||
| 999 |
_c12983 _d12983 |
||